MARC details
| 000 -CABECERA |
| campo de control de longitud fija |
01760nam a2200325 i 4500 |
| 001 - NÚMERO DE CONTROL |
| campo de control |
000045239 |
| 003 - IDENTIFICADOR DEL NÚMERO DE CONTROL |
| campo de control |
DO-SdBNP |
| 005 - FECHA Y HORA DE LA ÚLTIMA TRANSACCIÓN |
| campo de control |
20260211065046.0 |
| 007 - CAMPO FIJO DE DESCRIPCIÓN FÍSICA--INFORMACIÓN GENERAL |
| campo de control de longitud fija |
ta |
| 008 - DATOS DE LONGITUD FIJA--INFORMACIÓN GENERAL |
| campo de control de longitud fija |
150212s2006 dr ac r 001 0 spa d |
| 020 ## - NÚMERO INTERNACIONAL ESTÁNDAR DEL LIBRO |
| Número Internacional Estándar del Libro |
994540637X |
| 040 ## - FUENTE DE LA CATALOGACIÓN |
| Centro catalogador/agencia de origen |
DO-SdBNP |
| Lengua de catalogación |
spa |
| Centro/agencia transcriptor |
BNPHU |
| Normas de descripción |
rda |
| 041 ## - CÓDIGO DE LENGUA |
| Código de lengua del texto/banda sonora o título independiente |
spa |
| 082 #4 - NÚMERO DE LA CLASIFICACIÓN DECIMAL DEWEY |
| Número de clasificación |
347.077 |
| Número de documento/Ítem |
C352r |
| Número de edición |
22 |
| 100 ## - ENTRADA PRINCIPAL--NOMBRE DE PERSONA |
| Nombre de persona |
Castillo Rodríguez, Marino Vinicio, |
| Títulos y otros términos asociados al nombre |
Vincho, |
| Fechas asociadas al nombre |
1931- |
| 9 (RLIN) |
70945 |
| 245 13 - MENCIÓN DE TÍTULO |
| Título |
El remolino del juicio : |
| Resto del título |
Quirino como trasfondo / |
| Mención de responsabilidad, etc. |
Marino Vinicio Castillo Rodríguez. |
| 264 #1 - PRODUCCIÓN, PUBLICACIÓN, DISTRIBUCIÓN, FABRICACIÓN Y COPYRIGHT |
| Producción, publicación, distribución, fabricación y copyright |
Santo Domingo : |
| Nombre del de productor, editor, distribuidor, fabricante |
Alfa y Omega, |
| Fecha de producción, publicación, distribución, fabricación o copyright |
2006. |
| 300 ## - DESCRIPCIÓN FÍSICA |
| Extensión |
263 páginas : |
| Otras características físicas |
ilustraciones, retratos ; |
| Dimensiones |
22 cm. |
| 336 ## - TIPO DE CONTENIDO |
| Término de tipo de contenido |
texto |
| Código de tipo de contenido |
txt |
| Fuente |
rdacontent |
| 337 ## - TIPO DE MEDIO |
| Nombre/término del tipo de medio |
sin mediación |
| Código del tipo de medio |
n |
| Fuente |
rdamedia |
| 338 ## - TIPO DE SOPORTE |
| Nombre/término del tipo de soporte |
volumen |
| Código del tipo de soporte |
nc |
| Fuente |
rdacarrier |
| 505 0# - NOTA DE CONTENIDO CON FORMATO |
| Nota de contenido con formato |
De las advertencias -- |
| Título |
Un alto -- |
| -- |
El papel del acaso -- |
| -- |
La desavenencia puesta en escena -- |
| -- |
La iniciativa de acusar -- |
| -- |
Contextos tergiversados -- |
| -- |
Aproximación del juicio por dentro -- |
| -- |
El ambiente social y político -- |
| -- |
Dos derechos individuales y otro social -- |
| -- |
El juicio menor se fue complicando -- |
| -- |
Normas de cultura y delito -- |
| -- |
Los precedentes indeseables -- |
| -- |
Los protagonistas -- |
| -- |
El juicio menor en sí -- |
| -- |
Corte Interamericana de Derechos Humanos -- |
| -- |
Antes de terminar -- |
| -- |
Galería del respeto -- |
| -- |
Epílogo -- |
| -- |
Anexos. |
| 590 ## - NOTA LOCAL (RLIN) |
| Nota local |
Inventariado, 2018/BT |
| 600 14 - PUNTO DE ACCESO ADICIONAL DE MATERIA--NOMBRE DE PERSONA |
| Nombre de persona |
Paulino Castillo, Quirino Ernesto |
| Subdivisión general |
Procesos, litigios, etc. |
| 9 (RLIN) |
73262 |
| 650 #4 - PUNTO DE ACCESO ADICIONAL DE MATERIA--TÉRMINO DE MATERIA |
| Término de materia o nombre geográfico como elemento de entrada |
Violencia y narcotráfico |
| Subdivisión geográfica |
República Dominicana |
| 9 (RLIN) |
73263 |
| 650 #4 - PUNTO DE ACCESO ADICIONAL DE MATERIA--TÉRMINO DE MATERIA |
| Término de materia o nombre geográfico como elemento de entrada |
Control de drogas y narcóticos |
| Subdivisión general |
Aspectos políticos |
| Subdivisión geográfica |
República Dominicana |
| 9 (RLIN) |
73264 |
| 650 #0 - PUNTO DE ACCESO ADICIONAL DE MATERIA--TÉRMINO DE MATERIA |
| Término de materia o nombre geográfico como elemento de entrada |
Administración de justicia |
| Subdivisión general |
Aspectos políticos |
| Subdivisión geográfica |
República Dominicana |
| 9 (RLIN) |
10083 |
| 910 ## - DATOS DE OPCIÓN DEL USUARIO (OCLC) |
| Datos de opción del usuario |
Validado. Control de calidad. MFF |
| 942 ## - ELEMENTOS DE PUNTO DE ACCESO ADICIONAL (KOHA) |
| Fuente del sistema de clasificación o colocación |
Dewey Decimal Classification |
| Tipo de ítem Koha |
Libro |